[Event "IHEM 2006"]
[Site "Hamburg"]
[Date "2006.06.03"]
[Round "1.1"]
[White "Landa, Konstantin"]
[Black "Van Delft, Merijn"]
[Result "1/2-1/2"]
[WhiteElo "2600"]
[BlackElo "2372"]
[PlyCount "134"]
[EventDate "2006.??.??"]

1. e4 c6 2. d4 d5 3. Nd2 dxe4 4. Nxe4 Bf5 5. Ng3 Bg6 6. h4 h6 7. Nf3 Nd7 8. h5
Bh7 9. Bd3 Bxd3 10. Qxd3 e6 11. Bf4 Qa5+ 12. Bd2 Bb4 13. Ne4 Bxd2+ 14. Nfxd2
Ngf6 15. Nd6+ Ke7 16. N6c4 Qc7 17. Ne4 Nxe4 18. Qxe4 Rhd8 19. O-O-O Nf6 20. Qe5
Qxe5 21. dxe5 Rxd1+ 22. Kxd1 Nd7 23. f4 f6 24. exf6+ gxf6 25. Ke2 f5 26. Na5
Rc8 27. Rh3 b6 28. Nc4 Rg8 29. Kf2 b5 30. Ne5 Nxe5 31. fxe5 Rd8 32. Ra3 Rd2+
33. Kf3 Rxc2 34. Rxa7+ Kf8 35. Rh7 Rc5 36. Kf4 Rc4+ 37. Kf3 Rc5 38. Rxh6 Rxe5
39. Rh7 Re4 40. Rc7 Rc4 41. b3 Rc2 42. a4 bxa4 43. bxa4 e5 44. h6 Kg8 45. a5
Ra2 46. Ra7 Ra3+ 47. Ke2 f4 48. a6 Kh8 49. Re7 Rxa6 50. Rxe5 c5 51. Rxc5 Rxh6
52. Rg5 Ra6 53. Kf3 Kh7 54. Rg4 Kh6 55. Kxf4 Ra4+ 56. Kg3 Ra3+ 57. Kh4 Ra1 58.
Rb4 Ra6 59. g4 Kg6 60. Kg3 Rc6 61. Re4 Ra6 62. Kf4 Rf6+ 63. Ke5 Kg5 64. Rd4 Rf1
65. Ke6 Rf4 66. Rxf4 Kxf4 67. Kf6 Kxg4 1/2-1/2

[Event "IHEM 2006"]
[Site "Hamburg"]
[Date "2006.06.03"]
[Round "1.2"]
[White "Stanke, Juergen"]
[Black "Berelovich, Aleksandar"]
[Result "1/2-1/2"]
[WhiteElo "2335"]
[BlackElo "2571"]
[PlyCount "83"]
[EventDate "2006.??.??"]

1. c4 e5 2. Nc3 Nf6 3. Nf3 Nc6 4. d3 Bb4 5. Bd2 O-O 6. g3 d6 7. Bg2 a5 8. O-O
Bg4 9. h3 Bh5 10. Nd5 Nxd5 11. cxd5 Ne7 12. Bxb4 axb4 13. Qb3 c5 14. dxc6 Nxc6
15. e3 Kh8 16. d4 e4 17. Nd2 f5 18. Rfc1 Qe7 19. a3 Bf7 20. Qd1 h6 21. Nc4 d5
22. Nb6 bxa3 23. Rxa3 Rxa3 24. bxa3 Qxa3 25. Ra1 Qd6 26. Rb1 Na5 27. Qe1 Nc4
28. Nxc4 dxc4 29. Rxb7 Qc6 30. Qb4 Rc8 31. Rxf7 c3 32. Rf8+ Kh7 33. Rxf5 c2 34.
Rc5 Qxc5 35. Bxe4+ Kh8 36. dxc5 c1=Q+ 37. Kg2 Qxc5 38. Qxc5 Rxc5 39. h4 g5 40.
hxg5 hxg5 41. g4 Kg7 42. Kg3 1/2-1/2

[Event "IHEM 2006"]
[Site "Hamburg"]
[Date "2006.06.03"]
[Round "1.4"]
[White "Meyer, Falko"]
[Black "Rogozenko, Dorian"]
[Result "1/2-1/2"]
[WhiteElo "2322"]
[BlackElo "2532"]
[PlyCount "105"]
[EventDate "2006.??.??"]

1. e4 c5 2. Nf3 Nc6 3. d3 g6 4. g3 Bg7 5. Bg2 d6 6. c3 e5 7. O-O Nge7 8. Nh4
O-O 9. Na3 Rb8 10. Be3 b6 11. Qd2 d5 12. exd5 Nxd5 13. Bh6 Re8 14. Bxg7 Kxg7
15. Rfe1 Bb7 16. Nb5 a6 17. Bxd5 axb5 18. Bg2 Qd7 19. Rad1 Rbd8 20. Qc1 b4 21.
f4 exf4 22. Rxe8 Rxe8 23. Qxf4 Re2 24. Rf1 Rxb2 25. cxb4 Rxb4 26. Qf6+ Kg8 27.
Bxc6 Bxc6 28. Nf5 gxf5 29. Qg5+ Kh8 30. Qf6+ Kg8 31. Qg5+ Kf8 32. Qh6+ Ke8 33.
Re1+ Be4 34. dxe4 Rxe4 35. Rxe4+ fxe4 36. Qxb6 Qd4+ 37. Kg2 Kf8 38. a4 Qd2+ 39.
Kh3 Qd7+ 40. g4 Qd3+ 41. Kh4 e3 42. Qxc5+ Ke8 43. Kg3 Qd2 44. Qc8+ Ke7 45. Qc7+
Ke6 46. Kf3 Qf2+ 47. Ke4 e2 48. Qc6+ Ke7 49. Qc7+ Kf6 50. Qe5+ Kg6 51. Qh5+ Kg7
52. Qg5+ Kf8 53. Qd8+ 1/2-1/2

[Event "IHEM 2006"]
[Site "Hamburg"]
[Date "2006.06.03"]
[Round "1.5"]
[White "Kekelidze, Mikheil"]
[Black "Lindinger, Markus"]
[Result "1/2-1/2"]
[WhiteElo "2528"]
[BlackElo "2322"]
[PlyCount "74"]
[EventDate "2006.??.??"]

1. e4 c5 2. Nc3 a6 3. Nf3 e6 4. d4 b5 5. dxc5 Bxc5 6. Bd3 Be7 7. e5 Nc6 8. a4
b4 9. Ne4 f5 10. exf6 Nxf6 11. Nxf6+ Bxf6 12. Ng5 g6 13. Nxh7 Rxh7 14. Bxg6+
Rf7 15. Bxf7+ Kxf7 16. Qh5+ Kg8 17. Qg6+ Bg7 18. Bh6 Qf6 19. Qxg7+ Qxg7 20.
Bxg7 Kxg7 21. O-O-O d5 22. f4 Ra7 23. f5 d4 24. fxe6 Bxe6 25. Rd3 Rf7 26. Rg3+
Kf8 27. Re1 Rf6 28. Kd2 Ke7 29. h4 Kd6 30. Rg5 b3 31. cxb3 Bxb3 32. h5 Bxa4 33.
g4 Rf2+ 34. Re2 Rf1 35. Rg6+ Kd5 36. Rg5+ Kd6 37. Rg6+ Kd5 1/2-1/2

[Event "IHEM 2006"]
[Site "Hamburg"]
[Date "2006.06.03"]
[Round "1.6"]
[White "Bach, Matthias"]
[Black "Lanka, Zigurds"]
[Result "1/2-1/2"]
[WhiteElo "2315"]
[BlackElo "2510"]
[PlyCount "141"]
[EventDate "2006.??.??"]

1. d4 Nf6 2. c4 c5 3. d5 b5 4. a4 b4 5. Nd2 e5 6. e4 d6 7. g3 g6 8. Bg2 Bg7 9.
Ne2 a5 10. h3 Ra7 11. O-O Re7 12. f4 exf4 13. gxf4 Nh5 14. f5 Nd7 15. Nf3 Ba6
16. Qc2 Nb6 17. Nd2 Be5 18. Rb1 Rg8 19. b3 Bc8 20. Nf3 gxf5 21. exf5 f6 22. Bh6
Kd7 23. Nxe5+ {(=)} Rxe5 24. Nf4 Qe8 25. Ne6 Ng3 26. Rf2 Qh5 27. Bf4 Ne2+ 28.
Kf1 Nxf4 29. Rxf4 Ke7 30. Qf2 Bxe6 31. fxe6 Rgg5 32. Re1 Ref5 33. Kg1 Qxh3 34.
Rxf5 Qxf5 35. Qxf5 Rxf5 36. Re3 Rh5 37. Rg3 Kf8 38. Rh3 Rxh3 39. Bxh3 Nc8 40.
Bf5 Ne7 41. Bd3 Kg7 42. Kf2 f5 43. Kg3 Kf6 44. Kf4 Ng6+ 45. Ke3 Ke5 46. Be2 f4+
47. Kd3 Kf5 48. Bf3 Kf6 49. Bh5 Ne7 50. Ke4 Kg5 51. Be2 h5 52. Bf1 Ng8 53. Bg2
Ne7 54. Bf1 Ng8 55. Bg2 Kg4 56. Bf3+ Kg3 57. Bxh5 Nf6+ 58. Kf5 Nxh5 59. Kg6 f3
60. Kxh5 f2 61. e7 f1=Q 62. e8=Q Qf3+ 63. Kh6 Qxb3 64. Qg6+ Kf3 65. Qxd6 Qxc4
66. Qf6+ Qf4+ 67. Qxf4+ Kxf4 68. d6 b3 69. d7 b2 70. d8=Q b1=Q 71. Qg5+ 1/2-1/2

[Event "IHEM 2006"]
[Site "Hamburg"]
[Date "2006.06.03"]
[Round "1.7"]
[White "Saltaev, Mihail"]
[Black "Zierke, Oliver"]
[Result "1/2-1/2"]
[WhiteElo "2500"]
[BlackElo "2294"]
[PlyCount "151"]
[EventDate "2006.??.??"]

1. e4 c5 2. Nf3 Nc6 3. d4 cxd4 4. Nxd4 Nf6 5. Nc3 d6 6. Bc4 e6 7. O-O Be7 8.
Kh1 O-O 9. f4 d5 10. Nxc6 bxc6 11. Bd3 c5 12. e5 Nd7 13. b3 f5 14. a4 a5 15.
Nb5 Bb7 16. Bd2 Kh8 17. Qe1 Nb8 18. Rd1 Nc6 19. c3 Nb8 20. Be3 Nd7 21. Rd2 Qb8
22. Re2 Rc8 23. c4 d4 24. Bd2 Bd8 25. Nd6 Rc6 26. Bc2 Kg8 27. Kg1 Ba6 28. Rf3
Be7 29. Nb5 Bd8 30. Rd3 Bb7 31. Nd6 Rca6 32. Nxb7 Qxb7 33. Bd1 Qc7 34. g4 Nf8
35. Rg2 R8a7 36. Rh3 Qb8 37. Bc2 Rf7 38. Qb1 Qc8 39. Rh5 g6 40. gxf5 exf5 41.
Bxf5 Qb8 42. Be4 Kh8 43. Rh3 Qc8 44. Qd3 Rg7 45. Rhg3 Bc7 46. Bd5 Qd8 47. Qe4
Qe7 48. Be1 Qe8 49. Rf3 Bd8 50. Bg3 Ne6 51. Be1 Raa7 52. Bd2 Raf7 53. Qe1 Ra7
54. Kh1 Rgf7 55. Rg4 Rf8 56. Rh3 Ng7 57. Qe4 Rf5 58. Bc6 Qf7 59. Qg2 Nh5 60.
Rf3 Qf8 61. Be4 Rff7 62. Bd5 Rf5 63. Be6 Ra6 64. Bxf5 gxf5 65. Rh3 fxg4 66.
Rxh5 Qf7 67. Qd5 Qxh5 68. Qxd8+ Kg7 69. Qe7+ Qf7 70. Qxc5 Qb7+ 71. Kg1 Qxb3 72.
Qe7+ Kg8 73. Qe8+ Kg7 74. Qd7+ Kg8 75. Qe8+ Kg7 76. Qd7+ 1/2-1/2

[Event "IHEM 2006"]
[Site "Hamburg"]
[Date "2006.06.03"]
[Round "1.9"]
[White "Loeffler, Stefan"]
[Black "Engelbert, Christoph"]
[Result "1/2-1/2"]
[WhiteElo "2437"]
[BlackElo "2227"]
[PlyCount "59"]
[EventDate "2006.??.??"]

1. d4 g6 2. e4 Bg7 3. c4 d6 4. Nc3 e5 5. Nf3 exd4 6. Nxd4 Nc6 7. Be3 Nge7 8. h4
h6 9. Qd2 Nxd4 10. Bxd4 Bxd4 11. Qxd4 O-O 12. O-O-O Be6 13. c5 Nc6 14. Qe3 Kh7
15. f4 Qe7 16. Bb5 dxc5 17. Bxc6 bxc6 18. Qf3 Rad8 19. h5 Rxd1+ 20. Rxd1 Rd8
21. hxg6+ fxg6 22. g4 Rxd1+ 23. Nxd1 Qd6 24. g5 Bxa2 25. b3 Qf6 26. Qg3 Qa1+
27. Kd2 Qd4+ 28. Kc1 Qa1+ 29. Kd2 Qd4+ 30. Kc1 1/2-1/2

[Event "IHEM 2006"]
[Site "Hamburg"]
[Date "2006.06.03"]
[Round "1.10"]
[White "Jacoby, Gisbert"]
[Black "Souleidis, Georgios"]
[Result "0-1"]
[WhiteElo "2225"]
[BlackElo "2435"]
[PlyCount "44"]
[EventDate "2006.??.??"]

1. e4 c5 2. Nf3 Nc6 3. d4 cxd4 4. Nxd4 Qb6 5. Nb3 Nf6 6. Nc3 e6 7. Qe2 Bb4 8.
Bd2 d6 9. a3 Bxc3 10. Bxc3 e5 11. O-O-O Qc7 12. Nd2 O-O 13. Nc4 Rd8 14. f3 Be6
15. Ne3 Rab8 16. Qd2 d5 17. exd5 Nxd5 18. Nxd5 Rxd5 19. Bd3 b5 20. Qe2 a5 21.
Bxh7+ Kxh7 22. Qe4+ f5 0-1

[Event "IHEM 2006"]
[Site "Hamburg"]
[Date "2006.06.03"]
[Round "1.11"]
[White "Chevelevitch, Evgueni"]
[Black "Weiss, Siegfried"]
[Result "1-0"]
[WhiteElo "2423"]
[BlackElo "2126"]
[PlyCount "64"]
[EventDate "2006.??.??"]

1. e4 c5 2. Nf3 e6 3. d4 cxd4 4. Nxd4 Nf6 5. Nc3 Bb4 6. e5 Nd5 7. Qg4 Kf8 8.
Bd2 d6 9. exd6 Bxc3 10. bxc3 Qxd6 11. Bd3 Nd7 12. O-O Nc5 13. Nb5 Qc6 14. c4
Nf6 15. Qf4 Bd7 16. Nd4 Qc8 17. Nf3 b6 18. Bc3 Bc6 19. Bxf6 Bxf3 20. Qxf3 gxf6
21. Qxf6 Rg8 22. Bxh7 Rg7 23. Bd3 Kg8 24. Rfe1 Qc6 25. g3 Rc8 26. Rad1 Nd7 27.
Qe7 Nc5 28. Bf1 f5 29. Rd8+ Rxd8 30. Qxd8+ Kf7 31. Be2 Rh7 32. Qg5 Rg7 1-0

[Event "IHEM 2006"]
[Site "Hamburg"]
[Date "2006.06.03"]
[Round "1.13"]
[White "Siebrecht, Sebastian"]
[Black "Sternberg, Lew"]
[Result "1-0"]
[WhiteElo "2394"]
[BlackElo "2072"]
[PlyCount "61"]
[EventDate "2006.??.??"]

1. d4 d5 2. Nf3 b6 3. c4 e6 4. Nc3 Bb7 5. cxd5 exd5 6. g3 Nf6 7. Bg2 Nbd7 8.
O-O Be7 9. Bf4 O-O 10. Rc1 c5 11. Ne5 Nxe5 12. dxe5 Ne4 13. Nxe4 dxe4 14. Qc2
Qd5 15. Rfd1 Qe6 16. Bxe4 Bxe4 17. Qxe4 Qxa2 18. Rd7 Qe6 19. Rcd1 a5 20. h4
Rab8 21. Kg2 b5 22. Ra7 a4 23. Rdd7 Rfe8 24. Bg5 f6 25. Be3 Rbd8 26. Rdc7 Rd5
27. Rxe7 Rxe7 28. Rxe7 f5 29. Rxe6 fxe4 30. Rc6 c4 31. e6 1-0

[Event "IHEM 2006"]
[Site "Hamburg"]
[Date "2006.06.03"]
[Round "1.14"]
[White "Schulz, Hans Juergen"]
[Black "Albers, Andreas"]
[Result "1/2-1/2"]
[WhiteElo "2040"]
[BlackElo "1995"]
[PlyCount "65"]
[EventDate "2006.??.??"]

1. e4 e6 2. Nf3 d5 3. e5 Bd7 4. d4 c5 5. dxc5 Bxc5 6. Bd3 Nc6 7. c3 Nge7 8. b4
Bb6 9. b5 Na5 10. Qe2 Rc8 11. a4 Nb3 12. Bb2 Nxa1 13. Bxa1 Ng6 14. g3 Bc5 15.
O-O Qa5 16. c4 dxc4 17. Bc2 a6 18. bxa6 bxa6 19. Nc3 Bc6 20. Ne4 Bxe4 21. Qxe4
Qc7 22. h4 Qc6 23. Qe2 Rd8 24. Bc3 h6 25. Kh2 Ne7 26. Qxc4 Qd5 27. Qe2 O-O 28.
Ba5 Rb8 29. Rd1 Qc6 30. Rc1 Qd7 31. Qe4 g6 32. Qf4 Kg7 33. Qf6+ {(=)} 1/2-1/2

[Event "IHEM 2006"]
[Site "Hamburg"]
[Date "2006.06.03"]
[Round "2.1"]
[White "Kopylov, Mihail"]
[Black "Chevelevitch, Evgueni"]
[Result "1/2-1/2"]
[WhiteElo "2463"]
[BlackElo "2423"]
[PlyCount "174"]
[EventDate "2006.??.??"]

1. d4 Nf6 2. c4 g6 3. Nc3 Bg7 4. e4 d6 5. Be2 O-O 6. Nf3 e5 7. O-O Nc6 8. d5
Ne7 9. Ne1 Nd7 10. Be3 f5 11. f3 f4 12. Bf2 g5 13. Rc1 a6 14. Nd3 Rf6 15. c5
Rh6 16. c6 bxc6 17. dxc6 Nf8 18. Nb4 Qe8 19. Kh1 Ne6 20. Ncd5 Nxd5 21. Nxd5 Bf6
22. b4 Bd8 23. a4 Qh5 24. Bg1 Ng7 25. b5 axb5 26. axb5 Qg6 27. Qe1 Nh5 28. Bf2
g4 29. fxg4 Bxg4 30. Rc3 Nf6 31. b6 cxb6 32. c7 Nxd5 33. Bc4 Rc8 34. Bxd5+ Kh8
35. cxd8=Q+ Rxd8 36. Bxb6 Rf8 37. Bg1 Qh5 38. Qf2 Rhf6 39. Rf3 Bxf3 40. Qxf3
Qxf3 41. gxf3 Rb8 42. Bf2 Kg7 43. Bc6 Rb2 44. Bd7 Rh6 45. Bf5 Kh8 46. Kg2 Rh5
47. Ra1 Rh6 48. Ra8+ Kg7 49. Ra7+ Kg8 50. Rd7 Kh8 51. h3 Ra2 52. Rb7 Kg8 53.
Kf1 Ra3 54. Kg2 Ra2 55. Rb3 Kh8 56. Kf1 Ra1+ 57. Be1 Rh5 58. Rb8+ Kg7 59. Rb7+
Kh8 60. Rb8+ Kg7 61. Bg4 Rh6 62. Rb7+ Kh8 63. Ke2 Rg6 64. Bc3 Ra2+ 65. Kd3 h5
66. Bxh5 Rg1 67. Rb2 Ra3 68. Kc4 Rc1 69. Rb3 Ra5 70. Kd3 Ra2 71. Bg4 Kg7 72. h4
Kf6 73. Bb2 Rh1 74. h5 Rh2 75. Bc3 Rh1 76. Kc4 Rc2 77. Kb5 Rd1 78. Kb4 Rdc1 79.
Kc4 Kg5 80. Kd3 Ra2 81. Rb2 Ra3 82. Rc2 Rd1+ 83. Kc4 Ra7 84. Rd2 Rc1 85. Kd3
Ra3 86. Rc2 Rd1+ 87. Ke2 Rh1 1/2-1/2

[Event "IHEM 2006"]
[Site "Hamburg"]
[Date "2006.06.03"]
[Round "2.2"]
[White "Souleidis, Georgios"]
[Black "Siebrecht, Sebastian"]
[Result "1/2-1/2"]
[WhiteElo "2435"]
[BlackElo "2394"]
[PlyCount "105"]
[EventDate "2006.??.??"]

1. e4 c5 2. Nf3 b6 3. d4 cxd4 4. Nxd4 Bb7 5. Nc3 a6 6. Be3 d6 7. Qd2 Nf6 8. f3
e6 9. O-O-O b5 10. g4 Nc6 11. g5 Nd7 12. Kb1 Be7 13. h4 Qc7 14. Nxc6 Bxc6 15.
Ne2 Ne5 16. Nd4 Bb7 17. Bd3 O-O 18. h5 Rfc8 19. g6 Bf6 20. Rdg1 Nc4 21. Bxc4
Qxc4 22. gxf7+ Kxf7 23. Nb3 a5 24. Bd4 e5 25. Bb6 Qc6 26. Bxa5 d5 27. h6 g6 28.
Re1 Qe6 29. Rhf1 dxe4 30. fxe4 Kg8 31. a3 Rc4 32. Qd3 Bg5 33. Bd2 Be7 34. Bc3
Rd8 35. Qg3 Rxe4 36. Rxe4 Bxe4 37. Bxe5 Bxc2+ 38. Kxc2 Qc4+ 39. Bc3 Qxf1 40.
Nd4 Bf6 41. Qe3 Bxd4 42. Bxd4 Qf5+ 43. Kc3 Rc8+ 44. Kb4 Rc4+ 45. Ka5 Qd7 46.
Bc5 Qc6 47. b4 Re4 48. Qc3 Re7 49. Qd4 Rb7 50. Qf2 Rf7 51. Qd4 Rb7 52. Qf2 Rf7
53. Qd4 1/2-1/2

[Event "IHEM 2006"]
[Site "Hamburg"]
[Date "2006.06.03"]
[Round "2.3"]
[White "Bodnar, Alexander"]
[Black "Landa, Konstantin"]
[Result "0-1"]
[WhiteElo "2398"]
[BlackElo "2600"]
[PlyCount "68"]
[EventDate "2006.??.??"]

1. d4 Nf6 2. Nf3 d5 3. c4 e6 4. Nc3 Bb4 5. Bg5 Nbd7 6. e3 c5 7. a3 Bxc3+ 8.
bxc3 Qa5 9. Nd2 Qxc3 10. cxd5 exd5 11. dxc5 Ne4 12. Rc1 Qa5 13. Bf4 Ndxc5 14.
Qc2 Bd7 15. f3 Ba4 16. Qb2 Nxd2 17. Rxc5 Qxc5 18. Kxd2 Qa5+ 19. Qb4 Qxb4+ 20.
axb4 Bb3 21. Bb5+ Ke7 22. Be5 a5 23. Rc1 Rhc8 24. Bxg7 axb4 25. Rxc8 Rxc8 26.
Bd3 Rg8 27. Be5 Rxg2+ 28. Kc1 h5 29. h4 Bc4 30. Bf5 b3 31. Bc8 b5 32. Bf5 Be2
33. f4 Bf3 34. Bd3 Be4 0-1

[Event "IHEM 2006"]
[Site "Hamburg"]
[Date "2006.06.03"]
[Round "2.4"]
[White "Berelovich, Aleksandar"]
[Black "Meyer, Falko"]
[Result "1/2-1/2"]
[WhiteElo "2571"]
[BlackElo "2322"]
[PlyCount "59"]
[EventDate "2006.??.??"]

1. e4 c5 2. Nf3 e6 3. Nc3 a6 4. d4 cxd4 5. Nxd4 Qc7 6. g3 Bb4 7. Bd2 Nf6 8. Bg2
Nc6 9. Nxc6 dxc6 10. O-O O-O 11. Qe1 e5 12. Nb5 axb5 13. Bxb4 Rd8 14. f4 Re8
15. Bc3 Ng4 16. Kh1 Qb6 17. Bd2 exf4 18. gxf4 f5 19. Qg3 fxe4 20. f5 e3 21. Bc3
e2 22. Rf4 h5 23. Re1 Ra4 24. h3 Rxf4 25. Qxf4 Qe3 26. Qxe3 Nxe3 27. Rxe2 Bd7
28. f6 gxf6 29. Bf3 Nd5 30. Bxd5+ {(=)} 1/2-1/2

[Event "IHEM 2006"]
[Site "Hamburg"]
[Date "2006.06.03"]
[Round "2.5"]
[White "Lindinger, Markus"]
[Black "Bobras, Piotr"]
[Result "0-1"]
[WhiteElo "2322"]
[BlackElo "2535"]
[PlyCount "54"]
[EventDate "2006.??.??"]

1. d4 Nf6 2. c4 g6 3. Nc3 d5 4. Bf4 Bg7 5. e3 c5 6. dxc5 Qa5 7. Nf3 Nc6 8. Rc1
Be6 9. Nd4 Nxd4 10. exd4 dxc4 11. Bd2 O-O 12. d5 Bg4 13. f3 Bf5 14. Na4 Qd8 15.
Bxc4 Nxd5 16. Qb3 Bd7 17. Nc3 e6 18. O-O Bc6 19. Nxd5 exd5 20. Bd3 Qh4 21. Kh1
Rfe8 22. f4 Re7 23. Be1 Qg4 24. h3 Qh5 25. Kh2 Rae8 26. Qc2 d4 27. Bg3 Re2 0-1

[Event "IHEM 2006"]
[Site "Hamburg"]
[Date "2006.06.03"]
[Round "2.6"]
[White "Rogozenko, Dorian"]
[Black "Stanke, Juergen"]
[Result "1-0"]
[WhiteElo "2532"]
[BlackElo "2335"]
[PlyCount "59"]
[EventDate "2006.??.??"]

1. d4 f5 2. g3 Nf6 3. Bg2 g6 4. c4 Bg7 5. Nc3 O-O 6. Nf3 d6 7. O-O c6 8. b3 Na6
9. Bb2 Bd7 10. Re1 b5 11. e3 bxc4 12. Qe2 Nb4 13. bxc4 Rb8 14. Rab1 Qa5 15. Ba1
c5 16. Rb3 Nc6 17. Rb5 Qc7 18. dxc5 dxc5 19. Rxc5 Qd6 20. Rb5 Rxb5 21. cxb5 Na5
22. Rd1 Qc5 23. a4 Be6 24. Nd4 Bf7 25. Nc6 Nb3 26. Bb2 g5 27. a5 a6 28. Na4
Qxb5 29. Qxb5 axb5 30. Nb6 1-0

[Event "IHEM 2006"]
[Site "Hamburg"]
[Date "2006.06.03"]
[Round "2.8"]
[White "Lanka, Zigurds"]
[Black "Schulz, Hans Juergen"]
[Result "1-0"]
[WhiteElo "2510"]
[BlackElo "2040"]
[PlyCount "71"]
[EventDate "2006.??.??"]

1. e4 e5 2. Nf3 Nc6 3. Bb5 a6 4. Ba4 Nf6 5. O-O Be7 6. Re1 b5 7. Bb3 O-O 8. d3
d6 9. c3 Na5 10. Bc2 c5 11. Nbd2 Nc6 12. Nf1 Kh8 13. h3 Qc7 14. Ne3 Bd7 15. Nh2
Be6 16. Nhg4 Qd7 17. Qf3 Nxg4 18. hxg4 Bg5 19. Bd1 Rae8 20. a4 Ne7 21. axb5
axb5 22. Nf5 Bxc1 23. Rxc1 Ng8 24. Ra1 Ra8 25. Be2 d5 26. exd5 Bxd5 27. Qe3 g6
28. Qxe5+ f6 29. Qd6 Qf7 30. Ne3 Be6 31. Qxc5 Rab8 32. Ra7 Bd7 33. Bf3 Rfc8 34.
Qd4 Rd8 35. Nd5 Qf8 36. g5 1-0

[Event "IHEM 2006"]
[Site "Hamburg"]
[Date "2006.06.03"]
[Round "2.9"]
[White "Engelbert, Christoph"]
[Black "Saltaev, Mihail"]
[Result "0-1"]
[WhiteElo "2227"]
[BlackElo "2500"]
[PlyCount "62"]
[EventDate "2006.??.??"]

1. e4 c6 2. d4 d5 3. exd5 cxd5 4. Bd3 Nf6 5. c3 Nc6 6. Bf4 g6 7. Nf3 Bf5 8. O-O
Qb6 9. Bxf5 gxf5 10. Qb3 e6 11. Be5 Be7 12. Nbd2 Rg8 13. Qxb6 axb6 14. c4 dxc4
15. Bxf6 Bxf6 16. Nxc4 Nxd4 17. Nxd4 Bxd4 18. Rfd1 Rd8 19. Rd2 Ke7 20. Rad1 e5
21. a4 f6 22. Kf1 Bc5 23. Rxd8 Rxd8 24. Rxd8 Kxd8 25. b4 Bxb4 26. Nxb6 Be7 27.
Ke2 Kc7 28. Nd5+ Kd6 29. Nxe7 Kxe7 30. Kd3 f4 31. Kc4 Kd6 0-1

[Event "IHEM 2006"]
[Site "Hamburg"]
[Date "2006.06.03"]
[Round "2.10"]
[White "Zierke, Oliver"]
[Black "Loeffler, Stefan"]
[Result "0-1"]
[WhiteElo "2294"]
[BlackElo "2437"]
[PlyCount "64"]
[EventDate "2006.??.??"]

1. d4 e6 2. Nf3 c5 3. e3 d5 4. c4 Nf6 5. Nc3 Nc6 6. cxd5 exd5 7. Be2 cxd4 8.
Nxd4 Bd6 9. O-O O-O 10. b3 Be5 11. Nxc6 bxc6 12. Bb2 Bf5 13. Bd3 Bxh2+ 14. Kxh2
Ng4+ 15. Kg3 Qd6+ 16. f4 Nxe3 17. Qd2 Qg6+ 18. Kf3 d4 19. Bxf5 Nxf5 20. g4 Rfe8
21. Nd1 Nh4+ 22. Kg3 f5 23. Nf2 Re3+ 24. Qxe3 dxe3 25. Kxh4 exf2 26. g5 h6 27.
Rxf2 hxg5+ 28. fxg5 Re8 29. Raf1 Re3 30. Rf3 Qe6 31. Bc1 Rxf3 32. Rxf3 Qe1+ 0-1

[Event "IHEM 2006"]
[Site "Hamburg"]
[Date "2006.06.03"]
[Round "2.13"]
[White "Sternberg, Lew"]
[Black "Jacoby, Gisbert"]
[Result "0-1"]
[WhiteElo "2072"]
[BlackElo "2225"]
[PlyCount "42"]
[EventDate "2006.??.??"]

1. e4 e6 2. d4 d5 3. exd5 exd5 4. Bd3 c5 5. dxc5 Bxc5 6. Nc3 Nf6 7. Qe2+ Be6 8.
Nf3 O-O 9. Bg5 h6 10. Bh4 Nc6 11. h3 Re8 12. O-O-O g5 13. Bg3 d4 14. Ne4 Bd5
15. Nfd2 Nb4 16. Qf3 Nxa2+ 17. Kb1 Nc3+ 18. bxc3 Qb6+ 19. Nb3 Nxe4 20. Kb2
dxc3+ 21. Ka1 Qb4 0-1

[Event "IHEM 2006"]
[Site "Hamburg"]
[Date "2006.06.03"]
[Round "2.14"]
[White "Weiss, Siegfried"]
[Black "Ewaldt, Michael"]
[Result "1/2-1/2"]
[WhiteElo "2126"]
[BlackElo "2104"]
[PlyCount "133"]
[EventDate "2006.??.??"]

1. b3 e5 2. Bb2 Nc6 3. e3 Nf6 4. Bb5 d6 5. d4 Bd7 6. Nf3 e4 7. Nfd2 a6 8. Be2
Qe7 9. Ba3 h5 10. c4 g6 11. Nc3 Bf5 12. Nd5 Nxd5 13. cxd5 Na7 14. Rc1 Bg7 15.
h3 h4 16. Bb4 O-O 17. Ba5 Rac8 18. Bg4 Bxg4 19. Qxg4 Rfe8 20. a4 Kh7 21. Qd1 f5
22. O-O b6 23. Bc3 Qf7 24. Qe2 b5 25. f3 Qxd5 26. fxe4 fxe4 27. Rf4 Bh6 28. Rg4
Nc6 29. Rf1 Kg7 30. Qe1 Re7 31. axb5 axb5 32. Rxh4 Rce8 33. Rg4 b4 34. Bb2 Na5
35. Qf2 Rf7 36. Qg3 Re6 37. Re1 Kh7 38. Qh4 Rfe7 39. Qf2 Kg8 40. Qe2 Bg7 41.
Qf2 c5 42. Qg3 cxd4 43. Rg5 Qa8 44. Ra1 d5 45. Rxg6 Rxg6 46. Qxg6 dxe3 47. Bxg7
Rxg7 48. Qe6+ Kh7 49. Qf5+ Kh8 50. Nxe4 Qg8 51. Qh5+ Qh7 52. Qxd5 Rxg2+ 53.
Kxg2 Qg7+ 54. Kf3 Qxa1 55. Qd8+ Kg7 56. Qe7+ Kg6 57. Qe6+ Kg7 58. Kxe3 Qg1+ 59.
Ke2 Qg2+ 60. Nf2 Nc6 61. Qd6 Kf7 62. Qf4+ Kg7 63. Ke3 Qd5 64. Nd3 Qe6+ 65. Kd2
Qh6 {(=)} 66. Qe3 Nd4 67. Nf4 {(=)} 1/2-1/2

[Event "IHEM 2006"]
[Site "Hamburg"]
[Date "2006.06.05"]
[Round "3.1"]
[White "Landa, Konstantin"]
[Black "Kopylov, Mihail"]
[Result "1/2-1/2"]
[WhiteElo "2600"]
[BlackElo "2463"]
[PlyCount "93"]
[EventDate "2006.??.??"]

1. Nf3 d5 2. d4 Nf6 3. c4 c6 4. Qc2 dxc4 5. Qxc4 Bf5 6. Nc3 Nbd7 7. g3 e6 8.
Bg2 Be7 9. O-O O-O 10. Re1 Ne4 11. Qb3 Qb6 12. Nh4 Qxb3 13. axb3 Bb4 14. g4
Nxc3 15. gxf5 Na2 16. Rd1 Nxc1 17. Raxc1 Rae8 18. e3 Nf6 19. fxe6 fxe6 20. Nf3
Bd6 21. h3 e5 22. dxe5 Bxe5 23. Nxe5 Rxe5 24. b4 Kf7 25. Rd4 Ke7 26. Rcd1 Ra8
27. R1d3 Rb5 28. Kf1 a5 29. Ra3 Ra6 30. Rxa5 Raxa5 31. bxa5 Rxb2 32. Bf3 Rb5
33. Ra4 Nd5 34. a6 bxa6 35. Rxa6 Rc5 36. Ra7+ Kf6 37. Kg2 h6 38. h4 Rc2 39. Kg3
Ne7 40. Be4 Rc4 41. Bd3 Rc3 42. Bb1 Rc1 43. Be4 Rc4 44. Bh7 g5 45. e4 Rc1 46.
hxg5+ hxg5 47. f4 {(=)} 1/2-1/2

[Event "IHEM 2006"]
[Site "Hamburg"]
[Date "2006.06.05"]
[Round "3.2"]
[White "Bobras, Piotr"]
[Black "Loeffler, Stefan"]
[Result "0-1"]
[WhiteElo "2535"]
[BlackElo "2437"]
[PlyCount "80"]
[EventDate "2006.??.??"]

1. e4 Nf6 2. e5 Nd5 3. d4 d6 4. Nf3 dxe5 5. Nxe5 c6 6. Be2 Bf5 7. O-O Nd7 8.
Nf3 h6 9. a3 Qc7 10. c4 Nf4 11. Bxf4 Qxf4 12. Nc3 g5 {(=)} 13. Ne5 Nxe5 14. g3
Bc2 15. Qxc2 Qxd4 16. Rad1 Qb6 17. c5 Qc7 18. f4 gxf4 19. gxf4 Nd7 20. Kh1 Bg7
21. Ne4 O-O-O 22. Bh5 Rhf8 23. b4 {(=)} Kb8 24. Qc4 f5 25. Ng3 Nf6 26. Rxd8+
Qxd8 27. Rd1 Nd5 28. b5 Qc7 29. Rb1 Nc3 30. b6 axb6 31. cxb6 Qd6 32. Rb3 Qd5+
33. Qxd5 cxd5 34. Ne2 d4 35. Nc1 Rf6 36. Nd3 Re6 37. Kg2 Re3 38. Nc5 d3 39. Kf2
Rh3 40. Nd7+ Kc8 0-1

[Event "IHEM 2006"]
[Site "Hamburg"]
[Date "2006.06.05"]
[Round "3.4"]
[White "Siebrecht, Sebastian"]
[Black "Lanka, Zigurds"]
[Result "0-1"]
[WhiteElo "2394"]
[BlackElo "2510"]
[PlyCount "106"]
[EventDate "2006.??.??"]

1. d4 Nf6 2. Nf3 g6 3. c4 Bg7 4. Nc3 d6 5. e4 O-O 6. h3 e5 7. d5 a5 8. Bg5 Na6
9. Be2 c6 10. Nd2 Bd7 11. h4 Nc5 12. h5 a4 13. h6 Bh8 14. b4 axb3 15. Nxb3 Na4
16. Nxa4 Rxa4 17. O-O Qa8 18. dxc6 Bxc6 19. Bxf6 Bxf6 20. Qxd6 Bg5 21. Qxe5 {
(=)} Bxh6 22. Rad1 Re8 23. Qc7 Bg7 24. Bf3 Be5 25. Qb6 Rxc4 26. Na5 Rc2 27.
Nxc6 bxc6 28. Rd7 Rxa2 29. Qb3 Rf8 30. Re7 Ra1 31. Bd1 Qa5 32. Qf3 Qc5 33. Rd7
Qc4 34. Qb3 Bh2+ 35. Kxh2 Qxf1 36. Rxf7 Rxf7 37. Qb8+ Kg7 38. Qb2+ Rf6 39. Qxa1
Qxf2 40. Bf3 Qc5 41. Qb2 h5 42. Qb7+ Kh6 43. Qc8 Qd6+ 44. Kh1 Rf8 45. Qa6 Qf6
46. Qa5 Rb8 47. Qd2+ Qg5 48. Qc2 Rb5 49. Qd3 Rb2 50. Kg1 Qd2 51. Qf1 Qe3+ 52.
Kh1 Rc2 53. Bxh5 Kxh5 0-1

[Event "IHEM 2006"]
[Site "Hamburg"]
[Date "2006.06.05"]
[Round "3.5"]
[White "Saltaev, Mihail"]
[Black "Souleidis, Georgios"]
[Result "1/2-1/2"]
[WhiteElo "2500"]
[BlackElo "2435"]
[PlyCount "104"]
[EventDate "2006.??.??"]

1. e4 c5 2. Nf3 Nc6 3. d4 cxd4 4. Nxd4 Nf6 5. Nc3 e5 6. Ndb5 d6 7. Bg5 a6 8.
Na3 b5 9. Nd5 Be7 10. Bxf6 Bxf6 11. c3 Ne7 12. Nxf6+ gxf6 13. Nc2 Bb7 14. Bd3
d5 15. exd5 Qxd5 16. Ne3 Qe6 17. a4 Rd8 18. Qc2 e4 19. Be2 f5 20. g3 Bc6 21.
axb5 axb5 22. c4 b4 23. Ra5 O-O 24. O-O Rd6 25. Rd1 Rfd8 26. Rxd6 Qxd6 27. Ra1
Qe5 28. Rd1 Rxd1+ 29. Qxd1 Kg7 30. Qd2 b3 31. Bd1 Ng6 32. Qd4 Ba4 33. c5 f4 34.
gxf4 Qxd4 35. Nf5+ Kf6 36. Nxd4 Nxf4 37. c6 Ke7 38. Bxb3 Bxb3 39. Nxb3 Nd3 40.
Nd2 Nxb2 41. Nxe4 Nc4 42. Kg2 Ne5 43. c7 Kd7 44. Nf6+ Kxc7 45. Nxh7 Kd6 46. f4
Nd7 47. Kg3 f6 48. Kg4 Ke6 49. h4 Kf7 50. f5 Kg7 51. Ng5 fxg5 52. hxg5 Nf6+
1/2-1/2